Districts of Vienna/Bezirke in Wien - Statistics

General Stats
  • This quiz has been taken 269 times
  • The average score is 12 of 23
Answer Stats
Hint Answer % Correct
1010 Innere Stadt
89%
1020 Leopoldstadt
72%
1100 Favoriten
67%
1030 Landstraße
66%
1110 Simmering
64%
1220 Donaustadt
63%
1040 Wieden
60%
1160 Ottakring
57%
1060 Mariahilf
56%
1140 Penzing
55%
1120 Meidling
53%
1190 Döbling
52%
1210 Floridsdorf
52%
1070 Neubau
49%
1130 Hietzing
48%
1090 Alsergrund
47%
1230 Liesing
45%
1150 Rudolfsheim-Fünfhaus
45%
1080 Josefstadt
41%
1180 Währing
37%
1170 Hernals
33%
1200 Brigittenau
29%
1050 Margaraten
5%
No matching quizzes found
Score Distribution
Percent of People with Each Score
Percentile by Number Answered
Your Score History
You have not taken this quiz